000 00463nam a2200181Ia 4500
003 OSt
005 20200930114659.0
008 190216s9999||||xx |||||||||||||| ||und||
020 _a8177540157
040 _coclc
082 _a634
_bDEY/I
100 _aDey, S C
_95194
245 0 _aIndoor Gardening /
_cS C Dey
260 _bAgrobios,
_c2003.
_aJodhpur:
300 _a150p
650 _aBotany
942 _cBK
_2ddc
_h634
_iDEY/I
_k634
_mDEY/I
999 _c1536
_d1536